IPD UK quarterly property index (Record no. 118909)

MARC details
000 -LEADER
fixed length control field 01208cad a22002415a 4500
001 - CONTROL NUMBER
control field L137763
008 - FIXED-LENGTH DATA ELEMENTS--GENERAL INFORMATION
fixed length control field 101026c2010 xxkqr ws ss 000 a0eng d
035 ## - SYSTEM CONTROL NUMBER
System control number (Sirsi) u137763
041 0# - LANGUAGE CODE
Language code of text/sound track or separate title eng
110 2# - MAIN ENTRY--CORPORATE NAME
Corporate name or jurisdiction name as entry element Investment Property Databank
9 (RLIN) 2288
245 00 - TITLE STATEMENT
Title IPD UK quarterly property index
Medium [electronic resource]
260 ## - PUBLICATION, DISTRIBUTION, ETC.
Place of publication, distribution, etc. London
Name of publisher, distributor, etc. IPD
Date of publication, distribution, etc. 2010-
362 0# - DATES OF PUBLICATION AND/OR SEQUENTIAL DESIGNATION
Dates of publication and/or sequential designation Current quarterly index only
490 #0 - SERIES STATEMENT
Series statement IPD UK Quarterly Property Index
520 ## - SUMMARY, ETC.
Summary, etc. Provides statistics and a commentary on total returns, income returns, capital growth and market activity for the different commercial property sectors. Compares growth and returns to other time periods. Launched in May 2006 with historical data back to December 2000 (subscribers) the index is compiled from the individual property records of 189 quarterly and monthly valued funds with a total value of £131bn.
554 ## -
-- Quarterly
590 ## - LOCAL NOTE (RLIN)
Local note KA
650 24 - SUBJECT ADDED ENTRY--TOPICAL TERM
Topical term or geographic name entry element IPD UK QUARTERLY INDEX
651 #4 - SUBJECT ADDED ENTRY--GEOGRAPHIC NAME
Geographic name United Kingdom
Chronological subdivision
690 ## - LOCAL SUBJECT ADDED ENTRY--TOPICAL TERM (OCLC, RLIN)
Topical term or geographic name as entry element PROPERTY-COMMERCIAL PROPERTY-COMMERCIAL PROPERTY MARKET
856 40 - ELECTRONIC LOCATION AND ACCESS
Uniform Resource Identifier <a href="https://www.ipd.com/OurProducts/Indices/UnitedKingdom/tabid/446/Default.aspx">https://www.ipd.com/OurProducts/Indices/UnitedKingdom/tabid/446/Default.aspx</a>
Public note View the index free of charge at www.ipd.com
942 ## - ADDED ENTRY ELEMENTS (KOHA)
Suppress in OPAC 0
Holdings
Withdrawn status Lost status Source of classification or shelving scheme Damaged status Not for loan Home library Current library Shelving location Date acquired Total Checkouts Full call number Barcode Date last seen Copy number Price effective from Koha item type
    Dewey Decimal Classification     Virtual Virtual Online 30/04/2007   ONLINE PUBLICATION 137763-2001 06/08/2019 1 06/08/2019 Book